| 000 | 00561nam a2200181Ia 4500 | ||
|---|---|---|---|
| 003 | GCL | ||
| 008 | 140319s9999 xx 000 0 ara d | ||
| 040 |
_aGCL / _cGCL |
||
| 082 | 0 | 4 |
_a940.1 _bم ح |
| 100 | 1 | _aمحمود سعيد عمران | |
| 245 | 1 | 0 |
_aحضارة اوربا فى العصور الوسطى / _cمحمود سعيد عمران |
| 490 | _a | ||
| 650 | 0 | 4 | _aالحضارة الاوربية |
| 650 | 0 | 4 | _aالجامعات والكليات |
| 650 | 0 | 4 | _aاوربا - تاريخ |
| 650 | 0 | 4 | _aعصر النهضة (1300 - 1494) |
| 942 |
_2ddc _cBK |
||
| 999 |
_c38701 _d38701 |
||